| 000 | 00884nam0a2200265 4500 | ||
|---|---|---|---|
| 001 | RU\NLR\bibl\1413505 | ||
| 005 | 20260405140956.0 | ||
| 021 |
_aRU _b2009-55500 _93420 |
||
| 035 | _a(NLR Aleph) 001405479 | ||
| 090 |
_a1249232 _c1249232 |
||
| 100 | _a20090916d2009 |||y0rusy50 ca | ||
| 101 | 0 | _arus | |
| 102 | _aRU | ||
| 105 | _ay ||||||||| | ||
| 200 | 1 |
_aУ красного окна _eстихотворения _fВладимир Пешехонов |
|
| 210 |
_aМосква _cУ Никитских ворот _d2009 |
||
| 215 |
_a47 с. _d21 |
||
| 686 | _aШ6(2=Р)75-5 | ||
| 700 | 1 |
_4070 _8rus _7ca _aПешехонов _bВ. А. _f1949- _gВладимир Александрович _3RU\NLR\auth\7757119 _940051 |
|
| 801 | 0 |
_aRU _bNLR _c20090916 _gRCR |
|
| 801 | 1 |
_aRU _bNLR _c20090916 |
|
| 942 | _cBOOK | ||
| 980 | _aNB | ||